000 00610nam a22001937a 4500
005 20170615160055.0
010 _aENG-118667
020 _a9789385494161
_c1699.00
035 _aEN-102199
037 _bDBAD/PUB
082 _a362.29088796
245 _aDoping in sports /
_cEdited by Niraj kumar singh
260 _aNew Delhi
_bFalguni publisher & distributors
_c2016
270 _a204, 2n d floor, durga complex, csc, Mayur vihar-II
_bNew Delhi
_e110092
300 _a256p
_c22cm(Hb)
500 _aIncludes index
700 _asINGH, Niraj Kumar
942 _2ddc
_cEN
_h362.29088796
_mDOP
999 _c141145
_d141145